Statistics for Guess the Food

Click here to take the quiz!

General Stats

  • This quiz has been taken 58 times
  • The average score is 20 of 32

Answer Stats

Answer% Correct
apple
100%
orange
98%
banana
96%
lemon
96%
pear
96%
watermelon
93%
kiwi
80%
coconut
78%
strawberries
78%
tomato
78%
grapes
76%
pineapple
76%
avocado
74%
egg
72%
mango
70%
cherries
67%
peach
67%
eggplant
63%
broccoli
61%
cucumber
57%
carrot
50%
spinach
50%
corn
48%
potato
41%
bagel
37%
bread
37%
croissant
37%
pretzel
30%
cheese
28%
cantaloupe
26%
baguette
17%
chilli pepper
15%

Score Distribution

Percentile by Number Answered

Percent of People with Each Score

Your Score History

You have not taken this quiz